Andaházy Karnya Béla választási körútja incidensek és diadalkapuk fogadták útjában : szegedi ifjak és tápéi asszonyok politikai harca : Kasnya megválasztása biztosra vehető
Elmentve itt :
| Dokumentumtípus: | Cikk |
|---|---|
| Megjelent: |
1922-05-16
|
| Sorozat: | Délmagyarország
3 No. 111 |
| Kulcsszavak: | Választás 1922 |
| Online Access: | http://dmarchiv.bibl.u-szeged.hu/45113 |
| LEADER | 00563nab a2200145 i 4500 | ||
|---|---|---|---|
| 001 | delm45113 | ||
| 005 | 20180927131925.0 | ||
| 008 | 180927s1922 hu o 0|| hun d | ||
| 040 | |a SZTE Délmagyarország Archívum |b hun | ||
| 041 | |a hun | ||
| 245 | 0 | 0 | |a Andaházy Karnya Béla választási körútja |h [elektronikus dokumentum] : |b incidensek és diadalkapuk fogadták útjában : szegedi ifjak és tápéi asszonyok politikai harca : Kasnya megválasztása biztosra vehető |
| 260 | |c 1922-05-16 | ||
| 300 | |a 3 | ||
| 490 | 0 | |a Délmagyarország |v 3 No. 111 | |
| 695 | |a Választás 1922 | ||